Spravodajca Osvetového ústavu.
Uložené v:
| Nový názov: | Spravodajca Národného osvetového centra Spravodajca miestnej kultury |
|---|---|
| Predchádzajúci názov: | Spravodaj Osvetového ústavu |
| Médium: | Časopis |
| Jazyk: | Slovak |
| Vydané: |
Bratislava :
Osvetový ústav,
1976-1991.
|
| Tagy: |
Pridať tag
Žiadne tagy, Buďte prvý kto otaguje tento záznam!
|
Titul je dostupný aj v ... 

MARC
| LEADER | 00000nas a22000004a 4500 | ||
|---|---|---|---|
| 001 | 000661663 | ||
| 003 | SVKKK | ||
| 005 | 20210407130225.0 | ||
| 008 | 210407d19761991xo r|p|||||||0|||b0slo c | ||
| 040 | |a KE001 |b slo |e AACR2 | ||
| 041 | 0 | |a slo | |
| 044 | |a xo |c SK | ||
| 210 | 0 | |a Sprav. Osvetového úst. | |
| 222 | 0 | |a Spravodajca Osvetového ústavu | |
| 245 | 0 | 0 | |a Spravodajca Osvetového ústavu. |
| 260 | |a Bratislava : |b Osvetový ústav, |c 1976-1991. | ||
| 310 | |a 6x ročne | ||
| 321 | |a 4x ročne |b 1976-1985 | ||
| 362 | 0 | |a 1976 - č. 1 (1991) |z BA001/2003 | |
| 500 | |a Do r.1976 pozri: Spravodaj Osvetového ústavu (C.4466) | ||
| 500 | |a Od r.1992 pozri: Spravodajca Národného osvetového centra (C.4466) | ||
| 780 | 0 | 0 | |t Spravodaj Osvetového ústavu |
| 785 | 0 | 0 | |t Spravodajca Národného osvetového centra |
| 785 | 0 | 0 | |t Spravodajca miestnej kultury |
| 910 | |a KE001 |b C.4466 | ||
| 998 | |a SE | ||
| 090 | |g CASOS |k Sklad |a C.4466 |j 161560 |i 2720778967 |s Zviazaný časopis | ||
| 090 | |g CASOS |k Sklad |a C.4466 |j 171228 |i 2720778969 |s Zviazaný časopis | ||
| 090 | |g CASOS |k Sklad |a C.4466 |j 171229 |i 2720778970 |s Zviazaný časopis | ||
| 090 | |g CASOS |k Sklad |a C.4466 |j 173489 |i 2720778971 |s Zviazaný časopis | ||
| 090 | |g CASOS |k Sklad Pribinova suterén |a C.4466 |j 116960 |i 2720950630 |s Zviazaný časopis | ||
| 090 | |g CASOS |k Sklad Zvonárska 19 |a C.4466 |j 00000 |i 2720778952 |4 Silne poškodené |s Vyradená | ||
| 090 | |g CASOS |k Sklad Zvonárska 19 |a C.4466 |j 00000 |i 2720778953 |4 Silne poškodené |s Vyradená | ||
| 090 | |g CASOS |k Sklad Zvonárska 19 |a C.4466 |j 118054 |i 2720984553 |s Zviazaný časopis | ||
| 090 | |g CASOS |k Sklad Zvonárska 19 |a C.4466 |j 126354 |i 2720985163 |s Zviazaný časopis | ||
| 090 | |g CASOS |k Sklad Zvonárska 19 |a C.4466 |j 127806 |i 2720876130 |s Zviazaný časopis | ||
| 090 | |g CASOS |k Sklad Zvonárska 19 |a C.4466 |j 130796 |i 2720946434 |s Zviazaný časopis | ||
| 090 | |g CASOS |k Sklad Zvonárska 19 |a C.4466 |j 134326 |i 2720949249 |s Zviazaný časopis | ||
| 090 | |g CASOS |k Sklad Zvonárska 19 |a C.4466 |j 135534 |i 2720949763 |s Zviazaný časopis | ||
| 090 | |g CASOS |k Sklad Zvonárska 19 |a C.4466 |j 145945 |i 2720943311 |s Zviazaný časopis | ||
| 090 | |g CASOS |k Sklad Zvonárska 19 |a C.4466 |j 148693 |i 2720943892 |s Zviazaný časopis | ||
| 090 | |g CASOS |k Sklad Zvonárska 19 |a C.4466 |j 151115 |i 2720988447 |s Zviazaný časopis | ||
| 090 | |g CASOS |k Sklad Zvonárska 19 |a C.4466 |j 151116 |i 2720988448 |s Zviazaný časopis | ||